التقنيات العددية / (رقم التسجيلة. 26040)
[ عرض عادي ]
| 000 -الفاتح | |
|---|---|
| حقل البيانات ثابتة الطول | 00852cam a22002411a 4500 |
| 001 - رقم الضبط | |
| رقم الضبط | AUC_OC_488894 |
| 003 - محدد رقم الضبط | |
| رقم الضبط | OSt |
| 005 - وقت وتاريخ اخر تعامل مع التسجيلة | |
| رقم الضبط | 20150408114100.0 |
| 008 - عناصر البيانات ثابتة الطول - معلومات عامة | |
| حقل البيانات ثابتة الطول | 040725s2004 jo a g b 00000 ara c |
| 040 ## - مصدر الفهرسة | |
| وكالة الفهرسة الأصلية | MU |
| لغة الفهرسة | ara |
| وكالة النسخ | MB |
| 082 04 - رقم تصنيف ديوى العشرى | |
| رقم التصنيف | 512.7 |
| رقم الطبعة | 21 |
| 100 1# - المدخل الرئيسى - إسم شخصى | |
| الإسم الشخصى | الشبول، ياسين أحمد |
| 9 (RLIN) | 17477 |
| 245 12 - بيان العنوان | |
| العنوان | التقنيات العددية / |
| بيان المسئوليه,etc | تأليف ياسين أحمد الشبول. |
| 250 ## - بيان الطبعة | |
| بيان الطبعة | ط. 1. |
| 260 ## - PUBLICATION, DISTRIBUTION, ETC. (IMPRINT) | |
| مكان الناشر او الموزع | عمان، الأردن : |
| اسم الناشر او الموزع | مكتبة المجتمع العربي للنشر والتوزيع، |
| تاريخ النشر أو التوزيع | 2004 |
| 300 ## - الوصف المادى | |
| التعداد | 446 ص. : |
| تفاصيل ماديه اخرى للوعاء | إيض. ؛ |
| أبعاد الوعاء | 24 سم. |
| 504 ## - تبصرة ببليوجرافية | |
| تبصرة ببليوجرافية,الخ | ببليوجرافية : ص. 445. |
| 590 ## - تبصرة محلية(RLIN) | |
| تبصرة محلية | أسماء. |
| 650 #7 - المدخل الاضافى بالموضوع-مصطلح موضوعى | |
| مصطلح موضوعي أو اسم جغرافي كعنصر مدخل | الأعداد الجبرية |
| مصدر الرأس أو المصطلح | aucsh |
| 9 (RLIN) | 17478 |
| 650 #7 - المدخل الاضافى بالموضوع-مصطلح موضوعى | |
| مصطلح موضوعي أو اسم جغرافي كعنصر مدخل | التحليل العددي |
| مصدر الرأس أو المصطلح | aucsh |
| 650 #7 - المدخل الاضافى بالموضوع-مصطلح موضوعى | |
| مصطلح موضوعي أو اسم جغرافي كعنصر مدخل | الأعداد الجبرية |
| مصدر الرأس أو المصطلح | aucsh |
| 9 (RLIN) | 17479 |
| 942 ## - عناصر المدخل الإضافي( كوها) | |
| مصدر التصنيف او مخطط الترفيف | Dewey Decimal Classification |
| Koha [default] item type | كتاب |
| حالة الفقد | نموذج السعر الفعال | حالة تلف | ليس للاعارة | رقم الطلب | تاريخ الاكتساب | الموقع الحالي | الباركود | الفرع الرئيسي | Date last seen | نوع المادة فى نظام كوها | مصدر التصنيف او خطة الترفيف | Total Checkouts |
|---|---|---|---|---|---|---|---|---|---|---|---|---|
| 2013-03-10 | 512.7 ش ي ت | 2012-10-20 | مكتبة كلية العلوم و الدراسات الإنسانية برماح - طلاب (SRM) | 00095262 | مكتبة كلية العلوم و الدراسات الإنسانية برماح - طلاب (SRM) | 2013-03-10 | كتاب | Dewey Decimal Classification | ||||
| 2013-03-10 | 512.7 ش ي ت | 2012-10-20 | مكتبة كلية العلوم و الدراسات الإنسانية برماح - طلاب (SRM) | 00095260 | مكتبة كلية العلوم و الدراسات الإنسانية برماح - طلاب (SRM) | 2013-03-10 | كتاب | Dewey Decimal Classification | ||||
| 2013-03-10 | 512.7 ش ي ت | 2012-10-20 | مكتبة كلية العلوم و الدراسات الإنسانية برماح - طلاب (SRM) | 00095259 | مكتبة كلية العلوم و الدراسات الإنسانية برماح - طلاب (SRM) | 2013-03-10 | كتاب | Dewey Decimal Classification | ||||
| 2013-03-10 | 512.7 ش ي ت | 2012-10-20 | مكتبة كلية العلوم و الدراسات الإنسانية برماح - طلاب (SRM) | 00095258 | مكتبة كلية العلوم و الدراسات الإنسانية برماح - طلاب (SRM) | 2013-03-10 | كتاب | Dewey Decimal Classification | ||||
| 2013-03-10 | 512.7 ش ي ت | 2012-10-20 | مكتبة كلية العلوم و الدراسات الإنسانية برماح - طلاب (SRM) | 00095257 | مكتبة كلية العلوم و الدراسات الإنسانية برماح - طلاب (SRM) | 2013-03-10 | كتاب | Dewey Decimal Classification | ||||
| 2013-03-10 | 512.7 ش ي ت | 2012-10-20 | مكتبة كلية العلوم و الدراسات الإنسانية برماح - طلاب (SRM) | 00095253 | مكتبة كلية العلوم و الدراسات الإنسانية برماح - طلاب (SRM) | 2013-03-10 | كتاب | Dewey Decimal Classification |
